Manual del líder
Gespeichert in:
| 1. Verfasser: | |
|---|---|
| Format: | Buch |
| Sprache: | Spanisch |
| Veröffentlicht: |
Santiago
Sal Terrae
1998
|
| Ausgabe: | 1a. ed |
| Schriftenreihe: | Colección Proyecto, 49
|
| Schlagworte: | |
| Tags: |
Tag hinzufügen
Keine Tags, Fügen Sie den ersten Tag hinzu!
|
MARC
| LEADER | 00000cam a2200000 a 4500 | ||
|---|---|---|---|
| 001 | UCD6962 | ||
| 003 | CL-VaPUC | ||
| 008 | 170303e19980000cl |||||||||||||||||spa|d | ||
| 020 | |a 8429312439 | ||
| 082 | 0 | 4 | |a 658.409 |b DSO |2 21 |
| 100 | 0 | |a D'Souza, Anthony |e author |9 590868 | |
| 245 | 1 | 0 | |a Manual del líder |
| 250 | |a 1a. ed | ||
| 300 | |a v | ||
| 942 | |c BK | ||
| 945 | |d 20170303 17:35:00 |a arojas | ||
| 260 | |a Santiago |b Sal Terrae |c 1998 | ||
| 500 | |a v.2: Éxito en el liderazgo | ||
| 650 | 0 | |a Liderazgo |9 271835 | |
| 650 | 0 | |a Coaching |9 541384 | |
| 650 | 0 | |a Relaciones laborales |9 335971 | |
| 583 | |a last modification |c 20170303 17:35:00 |k Rodrigo Vera | ||
| 490 | 0 | |a Colección Proyecto, 49 | |
| 999 | |c 367134 |d 367132 | ||
| 952 | |0 0 |1 0 |3 erb |4 0 |6 658_409000000000000_DSO_1998 |7 0 |8 A |9 481826 |a BIBENE |b BIBENE |h v.2 |i 5328209 |o 658.409 DSO 1998 |p 5328209 |r 2025-01-15 |w 2019-11-24 |y BK |z Catalogado en:20170303 |k ICO | ||